Evaluation Of The Natural Reservoir Of Plant Nutrients In Some Marginal Soil Types In Northern Sudan / (رقم التسجيلة. 179800)

تفاصيل مارك
000 -LEADER
fixed length control field 01550namaa22003251i 4500
005 - أخر تعامل مع التسجيلة
control field 20260429110922.0
008 - FIXED-LENGTH DATA ELEMENTS--GENERAL INFORMATION
fixed length control field 260429s1995 ua a|||frm||| 000 0 eng d
040 ## - CATALOGING SOURCE
Original cataloguing agency EG-GICUC
Language of cataloging eng
Transcribing agency EG-GICUC
Modifying agency EG-GICUC
Description conventions rda
041 0# - LANGUAGE CODE
Language code of text/sound track or separate title eng
Language code of summary or abstract eng
-- ara
049 ## - Acquisition Source
Acquisition Source Deposit
097 ## - Degree
Degree M.Sc
099 ## - LOCAL FREE-TEXT CALL NUMBER (OCLC)
Local Call Number Cai01.16.03.M.Sc.1995.Ab.E.
100 0# - MAIN ENTRY--PERSONAL NAME
Authority record control number or standard number Abdel- Wahab Abdel- Maksoud Abdel-Maguid,
Preparation preparation.
245 10 - TITLE STATEMENT
Title Evaluation Of The Natural Reservoir Of Plant Nutrients In Some Marginal Soil Types In Northern Sudan /
Statement of responsibility, etc. By Abdel- Wahab Abdel- Maksoud Abdel-Maguid; Under Supervision Of Pro.Dr. Tarik M. Labib, Pro.Dr. Mohamed M. EL-Fouly, Dr. Hassan S. EL-Hassan.
246 15 - VARYING FORM OF TITLE
Title proper/short title قييم المخزون الطبيعي من العناصر الغذائية في بعض أنواع التربة الهامشية في شمال السودان /
264 #0 - PRODUCTION, PUBLICATION, DISTRIBUTION, MANUFACTURE, AND COPYRIGHT NOTICE
Date of production, publication, distribution, manufacture, or copyright notice 1995.
300 ## - PHYSICAL DESCRIPTION
Extent 100 pages :
Other physical details illustrations ;
Dimensions 30 cm. +
336 ## - CONTENT TYPE
Source rda content
Content type term text
337 ## - MEDIA TYPE
Source rdamedia
Media type term Unmediated
338 ## - CARRIER TYPE
Source rdacarrier
Carrier type term volume
502 ## - DISSERTATION NOTE
Dissertation note Thesis (M.Sc.) -Cairo University, 1995.
504 ## - BIBLIOGRAPHY, ETC. NOTE
Bibliography, etc. note Bibliography: pages 90-100.
653 #0 - INDEX TERM--UNCONTROLLED
Uncontrolled term Natural Resources
700 0# - ADDED ENTRY--PERSONAL NAME
Personal name Tarik M. Labib
Relator term thesis advisor.
700 0# - ADDED ENTRY--PERSONAL NAME
Personal name Mohamed M. EL-Fouly
Relator term thesis advisor.
700 0# - ADDED ENTRY--PERSONAL NAME
Personal name Hassan S. EL-Hassan
Relator term thesis advisor.
900 ## - Thesis Information
Department Department of Natural Resources
Faculties Faculty of Insttute Of African Research & Studies
Universities Cairo University
Grant date 1995
Supervisory body Tarik M. Labib
-- Mohamed M. EL-Fouly
-- Hassan S. EL-Hassan
905 ## - Cataloger and Reviser Names
Cataloger Name Eman El gebaly
942 ## - ADDED ENTRY ELEMENTS (KOHA)
Source of classification or shelving scheme Dewey Decimal Classification
Koha item type Thesis
Edition 21
Suppress in OPAC No
المقتنيات
Source of classification or shelving scheme Home library Current library Date acquired Inventory number Full call number Barcode Date last seen Effective from Koha item type
Dewey Decimal Classification المكتبة المركزبة الجديدة - جامعة القاهرة مكتبة المئوية 29.04.2026 26683 Cai01.16.03.M.Sc.1995.Ab.E. 01010110026683000 29.04.2026 29.04.2026 Thesis
Cairo University Libraries Portal Implemented & Customized by: Eng. M. Mohamady Contacts: new-lib@cl.cu.edu.eg | cnul@cl.cu.edu.eg
CUCL logo CNUL logo
© All rights reserved — Cairo University Libraries
CUCL logo
Implemented & Customized by: Eng. M. Mohamady Contact: new-lib@cl.cu.edu.eg © All rights reserved — New Central Library
CNUL logo
Implemented & Customized by: Eng. M. Mohamady Contact: cnul@cl.cu.edu.eg © All rights reserved — Cairo National University Library